Football Teams Davor Šuker Played For - Statistics

General Stats
  • This quiz has been taken 35 times
  • The average score is 4 of 7
Answer Stats
League Years Team % Correct
Spain 1996-1999 Real Madrid
96%
England 1999-2000 Arsenal FC
81%
Croatia 1989-1991 GNK Dinamo Zagreb
81%
Spain 1991-1996 Sevilla FC
67%
England 2000-2002 West Ham United
52%
Croatia 1984-1989 NK Osijek
33%
Germany 2002-2003 TSV 1860 München
26%
No matching quizzes found
Score Distribution
Percent of People with Each Score
Percentile by Number Answered
Your Score History
You have not taken this quiz